Normal view
MARC view
Entry Nombre personal
001 - NÚMERO DE CONTROL
- campo de control: 30690
003 - IDENTIFICADOR DEL NÚMERO DE CONTROL
- campo de control: OSt
005 - FECHA Y HORA DE LA ÚLTIMA TRANSACCIÓN
- campo de control: 20200615033247.0
008 - DATOS DE LONGITUD FIJA
- campo de control de longitud fija: 200615|| aca||aabn | a|a d
040 ## - FUENTE DE LA CATALOGACIÓN
- Centro catalogador/agencia de origen: OSt
- Centro/agencia transcriptor: OSt
100 ## - ENCABEZAMIENTO-NOMBRE DE PERSONA
- Nombre de persona: MARTI, JOSÉ,
- Fechas asociadas al nombre: 1853-1895
- Subdivisión general: ENSAYOS, CONFERENCIAS, ETC
670 ## - FUENTE DE DATOS ENCONTRADOS
- Cita de la fuente: Work cat.: (OSt)13058: Balaguer, Joaquín, 1906-2002 1287, Discurso pronunciado por el Presidente Constitucional de la República Joaquín Balaguer, en el develizamiento de la estatua de José Martí, apóstol de la libertad de Cuba /, 1975.
